000 nam a22 7a 4500
999 _c9866
_d9866
008 180208b ||||| |||| 00| 0 eng d
100 _aHill, R
_95947
245 _aYour Spelling Power
260 _aNew Delhi
_bMaanu Publication
_c2012